| Tag |
First Indicator |
Second Indicator |
Subfields |
| LEADER |
00000cam a22000001a 4500 |
| 001 |
in00003350621 |
| 006 |
m d f |
| 007 |
cr bn mmmapmmp |
| 008 |
110210s2005 dcu ob f000 0 eng d |
| 005 |
20260429180147.8 |
| 035 |
|
|
|a cis2007801565
|
| 040 |
|
|
|a ProQuest
|c ProQuest
|d UtOrBLW
|
| 043 |
|
|
|a n-us---
|
| 074 |
|
|
|a 0546-D (online)
|
| 086 |
0 |
|
|a GA 1.13:GAO-05-540
|
| 088 |
|
|
|a GAO-05-540
|
| 099 |
|
|
|a CMP-2005-GAO-0422
|
| 110 |
1 |
|
|a United States.
|b Government Accountability Office.
|
| 245 |
1 |
0 |
|a Military transformation :
|b actions needed by DOD to more clearly identify New Triad spending and develop a long-term investment approach : report to the Subcommittee on Strategic Forces, Committee on Armed Services, House of Representatives.
|
| 246 |
3 |
|
|a Military transformation :
|b actions needed by Department of Defense to more clearly identify New Triad spending and develop a long term investment approach
|
| 246 |
3 |
0 |
|a Actions needed by DOD to more clearly identify New Triad spending and develop a long-term investment approach
|
| 264 |
|
1 |
|a [Washington, D.C.] :
|b U.S. Government Accountability Office,
|c [2005]
|
| 300 |
|
|
|a 1 online resource.
|
| 336 |
|
|
|a text
|b txt
|2 rdacontent
|
| 337 |
|
|
|a computer
|b c
|2 rdamedia
|
| 338 |
|
|
|a online resource
|b cr
|2 rdacarrier
|
| 500 |
|
|
|a Record is based on bibliographic data in ProQuest U.S. Congressional Research Digital Collection. Reuse except for individual research requires license from ProQuest, LLC.
|
| 504 |
|
|
|a Includes bibliographical references.
|
| 500 |
|
|
|a Electronic resource.
|
| 610 |
1 |
0 |
|a United States.
|b Department of Defense
|x Appropriations and expenditures
|x Planning.
|
| 650 |
|
0 |
|a Military weapons
|z United States
|x Finance.
|
| 650 |
|
0 |
|a Strategic planning
|z United States
|x Evaluation.
|
| 655 |
|
7 |
|a Electronic books.
|2 local
|
| 710 |
2 |
|
|a ProQuest (Firm)
|
| 710 |
1 |
|
|a United States.
|b Congress.
|b House.
|b Committee on Armed Services.
|b Strategic Forces Subcommittee.
|
| 776 |
0 |
8 |
|i Print version:
|a United States. Government Accountability Office.
|t Military transformation
|w (DGPO)99173214
|
| 776 |
0 |
8 |
|i Microfiche version:
|a United States. Government Accountability Office.
|t Military transformation.
|d [Bethesda, Md.] : ProQuest,[2004]
|o CIS 2005 J942-230
|w (ProQuest)cis00501535
|
| 830 |
|
0 |
|a U.S. Congressional Research.
|
| 856 |
4 |
0 |
|u http://proxy.library.tamu.edu/login?url=https://congressional.proquest.com/congcomp/getdoc?CRDC-ID=CMP-2005-GAO-0422
|z Connect to the full text of this electronic book
|t 0
|
| 998 |
|
|
|a cis00501535
|
| 999 |
|
|
|a MARS
|
| 999 |
f |
f |
|s 1643e4fe-be7b-38ea-8cc0-f32c67bf7e8c
|i 0ad21a00-0ee2-34f4-bb02-4c3f810bec01
|t 0
|
| 952 |
f |
f |
|a Texas A&M University
|b College Station
|c Electronic Resources
|s www_evans
|d Available Online
|t 0
|e CMP-2005-GAO-0422
|h Other scheme
|
| 998 |
f |
f |
|a CMP-2005-GAO-0422
|t 0
|l Available Online
|